000
00195 a2200097 4500
001
41236
100
_a
245
_a
Jane's weapon systems
260
_a
Janes
_b
Puh Co
_c
090
_c
25448
_d
25448
942
_a
NUST-CAE
_c
M
_c
17167
999
_c
276309
_d
276309